[Event "NOR-chT Eliteserien 2018-19"]
[Site "Norway"]
[Date "2018.11.04"]
[Round "3"]
[White "Hammer, Jon Ludvig"]
[Black "Notkevich, Benjamin Arvola"]
[Result "1-0"]
[WhiteElo "2659"]
[BlackElo "2506"]
[Annotator "broadcasts RC"]
[PlyCount "35"]
[EventDate "2018.11.02"]
[EventType "team-tourn"]
[EventCountry "NOR"]
[TimeControl "40/5400+30:1800+30"]

1. d4 {[%emt 0:00:00]} Nf6 {[%emt 0:00:00]} 2. c4 {[%emt 0:00:00]} e6 {[%emt 0:00:00]} 3. Nf3 {[%emt 0:01:14]} d5 {[%emt 0:00:00]} 4. Nc3 {[%emt 0:00:10]} c5 {[%emt 0:00:04]} 5. cxd5 {[%emt 0:00:17]} Nxd5 {[%emt 0:00:04]} 6. e4 {[%emt 0:01:07]} Nxc3 {[%emt 0:00:06]} 7. bxc3 {[%emt 0:00:06]} cxd4 {[%emt 0:00:04]} 8. cxd4 {[%emt 0:00:08]} Bb4+ {[%emt 0:00:05]} 9. Bd2 {[%emt 0:00:04]} Bxd2+ {[%emt 0:00:07]} 10. Qxd2 {[%emt 0:00:10]} O-O {[%emt 0:00:09]} 11. Rc1 {[%emt 0:04:51]} b6 {[%emt 0:04:15]} 12. Bd3 {[%emt 0:00:08]} Ba6 {[%emt 0:08:32]} 13. O-O {[%emt 0:02:12]} Qd6 {[%emt 0:11:25]} 14. e5 {[%emt 0:04:44]} Qd7 {[%emt 0:04:16]} 15. Ng5 {[%emt 0:05:11]} h6 {[%emt 0:01:13]} 16. Nh7 {[%emt 0:04:27]} Qxd4 {[%emt 0:05:58]} 17. Nxf8 {[%emt 0:01:04]} Kxf8 {[%emt 0:00:11]} 18. Rfd1 {[%emt 0:01:22]} 1-0

[Event "NOR-chT Eliteserien 2018-19"]
[Site "Norway"]
[Date "2018.11.04"]
[Round "3"]
[White "Predojevic, Borki"]
[Black "Salomon, Johan"]
[Result "1-0"]
[WhiteElo "2626"]
[BlackElo "2485"]
[Annotator "TA"]
[PlyCount "153"]
[EventDate "2018.11.02"]
[EventType "team-tourn"]
[EventCountry "NOR"]

{[%evp 18,153,0,0,0,0,0,0,0,0,0,0,0,0,0,0,10,0,0,0,0,0,36,8,8,9,16,15,23,25,41,7,26,23,25,18,30,30,30,30,31,0,23,0,25,20,28,25,25,25,25,25,37,37,37,35,37,34,31,29,43,43,47,48,44,45,44,45,43,46,51,27,27,22,23,12,27,27,27,26,27,18,43,43,43,43,43,43,52,52,52,41,56,37,61,30,26,23,52,0,28,0,52,52,52,52,52,52,107,100,107,107,107,100,164,164,191,171,171,160,161,161,183,182,182,182,457,446,594,571,29977,29978,29978,29979,29979,29980,29980,29980]} 1. e4 e5 2. Nf3 Nc6 3. Bb5 Nf6 4. d3 Bc5 5. Bxc6 dxc6 6. O-O {C65: Ruy Lopez: Berlin Defence (3...Nf6), unusual lines and 4 0-0 Bc5} Nd7 7. Nbd2 O-O 8. Nc4 Re8 9. Kh1 a5 10. a4 {LiveBook: 5 Games} Bb4 11. Bd2 b6 12. b3 $146 ({Predecessor:} 12. Qe1 Qe7 13. g3 Bxd2 14. Qxd2 {0-1 (54) Caruana,F (2796)-So,W (2760) Las Vegas 2015}) 12... f6 13. Ng1 Nf8 {[%cal Bd7f8,Bf8g6,Bg6e5][%mdl 32]} 14. f4 exf4 15. Bxf4 Be6 16. Ne3 Qd7 17. Bg3 Ng6 18. Qf3 Bc3 19. Rad1 Ne5 20. Qf4 (20. Bxe5 $5 fxe5 21. Qg3 $11) 20... Rac8 21. Ne2 Bb4 22. h3 Bf8 23. Qf2 Ng6 24. Bh2 (24. d4 {keeps more tension.} Bb4 25. Qf3 Qe7 26. Bh2 Rcd8 27. Ng3) 24... c5 25. Nf4 Nxf4 26. Bxf4 Qc6 27. Qf3 Rcd8 28. Rde1 Rd7 29. Qf2 Rde7 30. Bh2 Rf7 31. Qh4 Kh8 32. Rf3 Kg8 33. Ref1 Qd7 34. Nf5 c6 35. Qg3 {Black must now prevent Nh6+.} Kh8 36. Nd6 Bxd6 37. Qxd6 Qxd6 38. Bxd6 Rd7 39. Bg3 b5 40. Ra1 c4 41. axb5 cxb5 42. bxc4 bxc4 43. Rxa5 Kg8 44. Ra6 cxd3 45. cxd3 Bb3 46. Rc6 Red8 47. Rc3 Ba2 48. e5 Bd5 49. Rf2 fxe5 50. Bxe5 h6 51. d4 Ra8 52. Rc5 (52. Kh2 {with more complications.} Kh7 53. h4 Ra6 54. Rc1 Rg6 55. Kg1) 52... Ra2 53. Rxa2 Bxa2 $14 {[%mdl 4096] Endgame KRB-KRB} 54. Kh2 Bd5 55. Ra5 Kf7 56. Kg3 Ke6 57. Ra6+ Kf7 58. Ra5 Ke6 59. Ra6+ Kf7 60. h4 h5 61. Kf2 Rb7 62. g3 Bc4 (62... Rb3 $14) 63. Rc6 Be6 64. Ke3 Bd5 65. Rd6 Rb3+ (65... Bg2 $16 66. Kf4 Rb8) 66. Kf4 $18 Rf3+ 67. Kg5 Be6 {[%csl Ge6][%cal Rf3f5]} 68. Bf4 Bg4 69. Ra6 Rb3 {[#]} 70. Ra7+ $1 Ke6 71. Rxg7 Kd5 $2 (71... Rc3 {was worth a try.} 72. Ra7 Rc8) 72. Be5 Rf3 73. Kh6 Ke6 {[#]} 74. Rxg4 $1 {White mates.} hxg4 75. Kg6 Rf8 76. h5 Rg8+ 77. Bg7 {Accuracy: White = 73%, Black = 49%.} 1-0

[Event "NOR-chT Eliteserien 2018-19"]
[Site "Norway"]
[Date "2018.11.04"]
[Round "3"]
[White "Christiansen, Johan-Sebastian"]
[Black "Haug, Johannes"]
[Result "1/2-1/2"]
[WhiteElo "2544"]
[BlackElo "2386"]
[Annotator "broadcasts RC"]
[PlyCount "74"]
[EventDate "2018.11.02"]
[EventType "team-tourn"]
[EventCountry "NOR"]
[TimeControl "40/5400+30:1800+30"]

1. e4 {[%emt 0:00:00]} c6 {[%emt 0:01:29]} 2. Nf3 {[%emt 0:00:00]} d5 {[%emt 0:00:14]} 3. Nc3 {[%emt 0:00:00]} Bg4 {[%emt 0:00:51]} 4. h3 {[%emt 0:00:00]} Bxf3 {[%emt 0:00:06]} 5. Qxf3 {[%emt 0:00:00]} e6 {[%emt 0:00:16]} 6. d4 {[%emt 0:00:00]} dxe4 {[%emt 0:01:25]} 7. Qxe4 {[%emt 0:00:00]} Nf6 {[%emt 0:00:04]} 8. Qh4 {[%emt 0:00:02]} Nbd7 {[%emt 0:03:56]} 9. Bd3 {[%emt 0:00:21]} g6 {[%emt 0:08:15]} 10. O-O {[%emt 0:00:07]} Bg7 {[%emt 0:00:18]} 11. Bg5 {[%emt 0:00:02]} h6 {[%emt 0:02:32]} 12. Bd2 {[%emt 0:12:57]} Qc7 {[%emt 0:19:13]} 13. Ne4 {[%emt 0:20:52]} Nxe4 {[%emt 0:02:58]} 14. Qxe4 {[%emt 0:00:05]} O-O {[%emt 0:01:56]} 15. Qh4 {[%emt 0:13:33]} Qd8 {[%emt 0:06:13]} 16. Qg3 {[%emt 0:09:40]} c5 {[%emt 0:07:58]} 17. Qf3 {[%emt 0:09:55]} Qb6 {[%emt 0:10:44]} 18. dxc5 {[%emt 0:01:19]} Nxc5 {[%emt 0:00:04]} 19. Be3 {[%emt 0:00:10]} Qc7 {[%emt 0:00:32]} 20. Bxc5 {[%emt 0:03:48]} Qxc5 {[%emt 0:01:18]} 21. c3 {[%emt 0:00:09]} b6 {[%emt 0:02:17]} 22. a4 {[%emt 0:00:10]} Rad8 {[%emt 0:01:32]} 23. Rfd1 {[%emt 0:00:17]} Qc7 {[%emt 0:01:37]} 24. Bf1 {[%emt 0:03:42]} Rxd1 {[%emt 0:02:17]} 25. Rxd1 {[%emt 0:00:02]} Rd8 {[%emt 0:01:26]} 26. Rxd8+ {[%emt 0:03:09]} Qxd8 {[%emt 0:00:11]} 27. Qb7 {[%emt 0:00:07]} a5 {[%emt 0:01:12]} 28. g3 {[%emt 0:01:15]} Be5 {[%emt 0:01:59]} 29. Bc4 {[%emt 0:05:15]} Qc7 {[%emt 0:02:30]} 30. Qe4 {[%emt 0:00:34]} Kg7 {[%emt 0:00:09]} 31. h4 {[%emt 0:01:08]} h5 {[%emt 0:02:03]} 32. Kg2 {[%emt 0:01:00]} Bf6 {[%emt 0:01:42]} 33. Bb3 {[%emt 0:01:52]} Be5 {[%emt 0:02:44]} 34. Bd1 {[%emt 0:00:22]} Bf6 {[%emt 0:00:34]} 35. Bf3 {[%emt 0:00:09]} Be5 {[%emt 0:01:31]} 36. Qe2 {[%emt 0:00:58]} Bf6 {[%emt 0:00:44]} 37. Be4 {[%emt 0:00:32]} Qc5 {[%emt 0:01:55]} 1/2-1/2

[Event "NOR-chT Eliteserien 2018-19"]
[Site "Norway"]
[Date "2018.11.04"]
[Round "3"]
[White "Blomqvist, Erik"]
[Black "Howell, David W L"]
[Result "1/2-1/2"]
[WhiteElo "2491"]
[BlackElo "2697"]
[Annotator "broadcasts RC"]
[PlyCount "60"]
[EventDate "2018.11.02"]
[EventType "team-tourn"]
[EventCountry "NOR"]
[TimeControl "40/5400+30:1800+30"]

1. e4 {[%emt 0:00:00]} c6 {[%emt 0:02:45]} 2. d4 {[%emt 0:00:00]} d5 {[%emt 0:00:12]} 3. exd5 {[%emt 0:00:05]} cxd5 {[%emt 0:00:06]} 4. Bd3 {[%emt 0:00:35]} Nc6 {[%emt 0:00:25]} 5. c3 {[%emt 0:00:17]} Nf6 {[%emt 0:02:50]} 6. Bf4 {[%emt 0:00:37]} Bg4 {[%emt 0:01:06]} 7. Qb3 {[%emt 0:00:36]} Qd7 {[%emt 0:00:08]} 8. Nd2 {[%emt 0:00:35]} e6 {[%emt 0:00:06]} 9. Ngf3 {[%emt 0:00:25]} Bd6 {[%emt 0:00:07]} 10. Bxd6 {[%emt 0:02:30]} Qxd6 {[%emt 0:00:09]} 11. O-O {[%emt 0:03:28]} Rb8 {[%emt 0:09:57]} 12. a4 {[%emt 0:08:10]} O-O {[%emt 0:01:03]} 13. Rfe1 {[%emt 0:01:20]} Bxf3 {[%emt 0:21:06]} 14. Nxf3 {[%emt 0:00:12]} Qc7 {[%emt 0:00:18]} 15. Qc2 {[%emt 0:16:14]} Rfc8 {[%emt 0:11:57]} 16. Qe2 {[%emt 0:02:47]} a6 {[%emt 0:04:16]} 17. g3 {[%emt 0:03:11]} Re8 {[%emt 0:01:45]} 18. Ne5 {[%emt 0:08:34]} Nxe5 {[%emt 0:00:32]} 19. Qxe5 {[%emt 0:09:56]} Qxe5 {[%emt 0:04:36]} 20. Rxe5 {[%emt 0:01:41]} b5 {[%emt 0:09:44]} 21. axb5 {[%emt 0:13:30]} axb5 {[%emt 0:00:27]} 22. b4 {[%emt 0:01:38]} Rec8 {[%emt 0:02:44]} 23. Ra3 {[%emt 0:00:30]} Ne8 {[%emt 0:06:04]} 24. Re1 {[%emt 0:04:18]} Nd6 {[%emt 0:02:29]} 25. Kf1 {[%emt 0:03:52]} Rc7 {[%emt 0:08:51]} 26. Ke2 {[%emt 0:01:53]} Kf8 {[%emt 0:00:40]} 27. Kd2 {[%emt 0:00:52]} Rbc8 {[%emt 0:00:27]} 28. h4 {[%emt 0:02:30]} h5 {[%emt 0:01:58]} 29. Rea1 {[%emt 0:01:21]} Ke7 {[%emt 0:01:41]} 30. Ra7 {[%emt 0:01:01]} g6 {[%emt 0:01:41]} 1/2-1/2

[Event "NOR-chT Eliteserien 2018-19"]
[Site "Norway"]
[Date "2018.11.04"]
[Round "3"]
[White "Lie, Espen"]
[Black "Haldorsen, Benjamin"]
[Result "1-0"]
[WhiteElo "2488"]
[BlackElo "2461"]
[Annotator "TA"]
[PlyCount "77"]
[EventDate "2018.11.02"]
[EventType "team-tourn"]
[EventCountry "NOR"]

{[%evp 27,77,47,38,41,60,25,73,73,73,69,73,64,66,59,60,64,66,54,76,72,84,79,79,83,166,152,144,120,151,164,239,259,260,258,245,248,317,326,315,245,359,346,467,470,470,468,485,275,277,277,381,358]} 1. Nf3 c5 2. b3 Nf6 3. Bb2 b6 4. g3 Bb7 5. Bg2 e6 6. O-O Be7 7. e3 O-O 8. c4 d5 9. Qe2 Nc6 10. d3 Qc7 11. Nc3 Rad8 12. Rfd1 Qb8 13. cxd5 {A14: English Opening: 1...e6 with b3 by White} (13. d4 dxc4 14. bxc4 Na5 15. Rac1 cxd4 16. exd4 Rc8 17. d5 Nxc4 18. dxe6 Nxb2 19. Qxb2 fxe6 20. Qe2 Bc5 {½-½ (42) Matlakov,M (2676)-Gordievsky,D (2455) St Petersburg 2013}) 13... exd5 14. d4 Rfe8 {LiveBook: 3 Games} 15. Ne5 {White is slightly better.} Na5 $146 ({Predecessor:} 15... Nb4 16. a3 Na6 17. Nb5 Bf8 18. Rac1 Ne4 19. Nd3 Bc6 20. Ne5 Bb7 {½-½ (64) Darini,P (2263)-Matlakov,M (2490) Vung Tau 2008}) 16. Na4 Bd6 17. Ng4 Nxg4 18. Qxg4 {aiming for dxc5.} c4 {[#]} 19. Bc3 $1 cxb3 20. Bxa5 bxa5 21. axb3 Bc8 22. Qf3 g6 23. Nc5 h5 24. h3 Bxc5 25. dxc5 Qc7 (25... Be6 $16) 26. Rac1 $18 (26. Rxd5 $6 Rxd5 27. Qxd5 Re5 $11) 26... Be6 27. Qf4 Qb7 28. Qa4 Qc7 (28... Rc8 {was called for.} 29. Qxa5 Qxb3 30. Qxa7 Rc6) 29. c6 {[%cal Bc5c6,Bc6c7][%mdl 32]} Rd6 30. Rc5 Rc8 {[%cal Rd6c6]} 31. Rdc1 (31. Rxa5 Rxc6 32. Bxd5 (32. Rxa7 Rc1 $11) 32... Rd6 $16) (31. Bxd5 $6 Qb6 $16) 31... Qb6 32. c7 Rd7 {[%cal Rd7c7]} 33. Qc6 ({Not} 33. Rxa5 Rcxc7 34. Rxc7 Qxc7 $11) ({And not} 33. Qxa5 Qxa5 34. Rxa5 Rcxc7 $11) 33... Kf8 (33... Qxc6 {keeps fighting.} 34. Rxc6 d4) 34. Bf1 Qxb3 35. Qa6 ({Weaker is} 35. Ba6 Rcxc7 36. Qa8+ Kg7 $18) 35... Re7 36. Qxa5 Qb6 {With the idea ...Qxa5.} 37. Qxb6 (37. Qa3 $142 {Strongly threatening Rc6.} Qd6 38. Qc3) 37... axb6 38. R5c3 Ke8 39. h4 {Accuracy: White = 89%, Black = 45%.} 1-0

[Event "NOR-chT Eliteserien 2018-19"]
[Site "Norway"]
[Date "2018.11.04"]
[Round "3"]
[White "Djurhuus, Rune"]
[Black "Tari, Aryan"]
[Result "0-1"]
[WhiteElo "2458"]
[BlackElo "2614"]
[Annotator "broadcasts RC"]
[PlyCount "70"]
[EventDate "2018.11.02"]
[EventType "team-tourn"]
[EventCountry "NOR"]
[TimeControl "40/5400+30:1800+30"]

1. d4 {[%emt 0:00:00]} d5 {[%emt 0:00:00]} 2. c4 {[%emt 0:01:53]} e6 {[%emt 0:00:08]} 3. Nc3 {[%emt 0:00:13]} Bb4 {[%emt 0:00:24]} 4. e3 {[%emt 0:01:27]} Nf6 {[%emt 0:00:30]} 5. Bd3 {[%emt 0:01:08]} O-O {[%emt 0:01:15]} 6. Nf3 {[%emt 0:00:39]} dxc4 {[%emt 0:01:28]} 7. Bxc4 {[%emt 0:00:08]} c5 {[%emt 0:00:12]} 8. O-O {[%emt 0:00:20]} b6 {[%emt 0:00:37]} 9. a3 {[%emt 0:00:41]} Bxc3 {[%emt 0:00:14]} 10. bxc3 {[%emt 0:00:08]} Bb7 {[%emt 0:02:06]} 11. Qe2 {[%emt 0:02:13]} Qc7 {[%emt 0:03:20]} 12. Bb2 {[%emt 0:01:26]} Nbd7 {[%emt 0:04:30]} 13. Nd2 {[%emt 0:00:42]} e5 {[%emt 0:17:41]} 14. f3 {[%emt 0:02:44]} Rad8 {[%emt 0:04:24]} 15. a4 {[%emt 0:03:25]} Rfe8 {[%emt 0:05:44]} 16. Bb5 {[%emt 0:04:17]} a6 {[%emt 0:07:31]} 17. Bxa6 {[%emt 0:04:41]} exd4 {[%emt 0:04:31]} 18. cxd4 {[%emt 0:02:44]} Bxa6 {[%emt 0:00:56]} 19. Qxa6 {[%emt 0:00:06]} Rxe3 {[%emt 0:00:09]} 20. Qc4 {[%emt 0:09:26]} Qd6 {[%emt 0:07:35]} 21. Ne4 {[%emt 0:29:17]} Nxe4 {[%emt 0:04:23]} 22. fxe4 {[%emt 0:00:04]} Qe6 {[%emt 0:00:25]} 23. Qxe6 fxe6 {[%emt 0:00:02]} 24. a5 {[%emt 0:07:14]} Rb3 {[%emt 0:06:29]} 25. Rf2 {[%emt 0:03:43]} bxa5 {[%emt 0:01:36]} 26. Rxa5 {[%emt 0:08:40]} Nf6 {[%emt 0:03:03]} 27. Ra7 {[%emt 0:02:33]} cxd4 {[%emt 0:08:42]} 28. e5 {[%emt 0:00:06]} Nh5 {[%emt 0:00:32]} 29. g4 {[%emt 0:05:01]} d3 {[%emt 0:01:33]} 30. Bc1 {[%emt 0:02:22]} Rb1 {[%emt 0:00:52]} 31. Rf1 {[%emt 0:02:00]} Rf8 {[%emt 0:00:49]} 32. Re1 {[%emt 0:04:01]} Nf4 {[%emt 0:00:24]} 33. Bd2 {[%emt 0:00:01]} Ne2+ {[%emt 0:00:45]} 34. Kg2 {[%emt 0:01:20]} Rb2 {[%emt 0:00:02]} 35. Be3 {[%emt 0:01:37]} Nc3+ {[%emt 0:01:43]} 0-1

[Event "NOR-chT Eliteserien 2018-19"]
[Site "Norway"]
[Date "2018.11.04"]
[Round "3"]
[White "Elsness, Frode"]
[Black "Ostmoe, Geir Sune Tallaksen"]
[Result "1/2-1/2"]
[WhiteElo "2447"]
[BlackElo "2440"]
[Annotator "TA"]
[PlyCount "93"]
[EventDate "2018.11.02"]
[EventType "team-tourn"]
[EventCountry "NOR"]

{[%evp 13,93,33,36,26,38,32,30,22,22,30,23,25,37,21,25,20,24,0,0,4,0,0,25,14,22,18,15,8,9,-2,-7,0,0,0,16,16,15,15,15,15,14,15,20,20,23,3,3,3,11,14,21,23,132,0,0,0,0,0,0,0,0,0,0,0,0,0,12,0,0,0,35,35,35,35,35,35,35,35,35,28,35,28]} 1. c4 Nf6 2. Nc3 d5 3. cxd5 Nxd5 4. g3 Nb6 5. Bg2 g6 6. h4 h5 {A16: English Opening: 1...Nf6 with ...d5} (6... Bg7 7. h5 Nc6 8. Nf3 Bg4 9. h6 Bf6 10. Ne4 e5 11. b3 O-O 12. Nxf6+ Qxf6 13. Bb2 Rfe8 14. Rh4 {1-0 (30) Van Wely,L (2642)-Pultinevicius,P (2465) Batumi 2018}) 7. d3 Bg7 {LiveBook: 15 Games} 8. Bg5 Nc6 {[%cal Bb8c6,Bc6d4,Bd4f3][%mdl 32] White has an edge.} 9. Qd2 $146 ({Predecessor:} 9. Rc1 Nd4 10. Nf3 Ne6 11. Be3 c6 12. Qd2 O-O 13. Bh6 Nd5 14. Ne4 {1-0 (32) Zhukova,N (2380)-Tyurin,A (2021) Minsk 2018}) 9... Nd4 10. Rc1 c6 11. Nf3 Nxf3+ 12. Bxf3 Be6 13. Ne4 Bd5 14. O-O O-O 15. Bh6 Bxe4 16. Bxg7 Kxg7 17. Qc3+ Kg8 {aiming for ...Nd5.} 18. Bxe4 Qd6 19. Qa5 f5 20. Bf3 Nd7 21. d4 f4 22. Kg2 fxg3 23. fxg3 Qxd4 24. Qc7 {Threatens to win with Rcd1.} Ne5 {[%cal Bd7e5,Be5f7,Bf7d6][%mdl 32]} 25. Rfd1 Qxb2 26. Rb1 Qc3 27. Bd5+ $1 {[%mdl 64] Pin} Nf7 $1 (27... Kh8 28. Rb3 $16) 28. Rxb7 Qc2 $1 {[%cal Rc2e2]} 29. Rf1 Qxe2+ 30. Rf2 {[#]} Qxf2+ $1 {[%mdl 512]} 31. Kxf2 cxd5 32. Kg2 Nd6 {[#]} 33. Rb3 (33. Qc6 $1 $16 Nxb7 34. Qxg6+ {[%mdl 64] Double Attack} Kh8 35. Qxh5+ Kg7 36. Qe5+ Rf6 37. g4) 33... Nf5 $11 34. Qc6 Kh7 35. Qxd5 Rac8 36. Qe4 Rfd8 {Strongly threatening ...Rd2+.} 37. Rf3 Rd4 38. Qe2 Rcd8 {...Rd2 is the strong threat.} 39. Qe6 {And now Rxf5 would win.} Rf8 40. Kh3 Rd2 41. a4 Ng7 (41... Rd1 {keeps more tension.} 42. Qe5 a6 43. Qe2 Rc1 44. Kg2 Rf6) 42. Rf7 Rxf7 $1 43. Qxf7 Re2 44. Qc4 {[%mdl 1024] White has compensation.} Re6 45. Kg2 a6 46. Qc8 Rf6 47. a5 {Accuracy: White = 51%, Black = 81%.} 1/2-1/2

[Event "NOR-chT Eliteserien 2018-19"]
[Site "Norway"]
[Date "2018.11.04"]
[Round "3"]
[White "Ostenstad, Berge"]
[Black "Urkedal, Frode Olav Olsen"]
[Result "1/2-1/2"]
[WhiteElo "2443"]
[BlackElo "2539"]
[Annotator "broadcasts RC"]
[PlyCount "118"]
[EventDate "2018.11.02"]
[EventType "team-tourn"]
[EventCountry "NOR"]
[TimeControl "40/5400+30:1800+30"]

1. d4 {[%emt 0:00:00]} Nf6 {[%emt 0:00:00]} 2. c4 {[%emt 0:00:00]} e6 {[%emt 0:00:00]} 3. Nf3 {[%emt 0:00:00]} b6 {[%emt 0:00:00]} 4. g3 {[%emt 0:00:08]} Ba6 {[%emt 0:00:05]} 5. b3 {[%emt 0:04:34]} Bb4+ {[%emt 0:00:06]} 6. Bd2 {[%emt 0:00:06]} Be7 {[%emt 0:00:06]} 7. Bg2 {[%emt 0:00:10]} d5 {[%emt 0:00:32]} 8. cxd5 {[%emt 0:01:05]} exd5 {[%emt 0:00:07]} 9. O-O {[%emt 0:00:47]} O-O {[%emt 0:00:08]} 10. Nc3 {[%emt 0:03:53]} Bb7 {[%emt 0:00:05]} 11. Rc1 {[%emt 0:05:54]} Nbd7 {[%emt 0:02:52]} 12. Bf4 {[%emt 0:05:10]} c6 {[%emt 0:00:07]} 13. Rc2 {[%emt 0:11:18]} Bb4 {[%emt 0:11:33]} 14. Ne1 {[%emt 0:07:04]} Re8 {[%emt 0:02:04]} 15. Nd3 {[%emt 0:01:35]} Bf8 {[%emt 0:01:21]} 16. b4 {[%emt 0:22:27]} Ne4 {[%emt 0:04:07]} 17. b5 {[%emt 0:04:22]} c5 {[%emt 0:02:35]} 18. Be3 {[%emt 0:03:26]} Rc8 {[%emt 0:22:25]} 19. Nxe4 {[%emt 0:03:07]} dxe4 {[%emt 0:00:07]} 20. Nb2 {[%emt 0:00:45]} cxd4 {[%emt 0:04:05]} 21. Bxd4 {[%emt 0:00:38]} Rxc2 {[%emt 0:01:11]} 22. Qxc2 {[%emt 0:00:07]} Nc5 {[%emt 0:08:37]} 23. Rd1 {[%emt 0:02:04]} Qc8 {[%emt 0:02:06]} 24. Be3 {[%emt 0:01:35]} Rd8 {[%emt 0:11:55]} 25. Rxd8 {[%emt 0:01:23]} Qxd8 {[%emt 0:00:05]} 26. a4 {[%emt 0:12:07]} Qd5 {[%emt 0:01:17]} 27. Bxc5 {[%emt 0:02:41]} Bxc5 {[%emt 0:00:50]} 28. Nc4 {[%emt 0:00:11]} h5 {[%emt 0:06:46]} 29. e3 {[%emt 0:00:27]} Bb4 {[%emt 0:00:58]} 30. h4 {[%emt 0:02:00]} g6 {[%emt 0:01:35]} 31. Qb3 {[%emt 0:01:06]} Qc5 {[%emt 0:02:37]} 32. Ne5 {[%emt 0:01:26]} Bd5 {[%emt 0:00:08]} 33. Qd1 {[%emt 0:00:16]} Bc3 {[%emt 0:01:59]} 34. Nc6 {[%emt 0:01:07]} Bxc6 {[%emt 0:01:34]} 35. bxc6 {[%emt 0:00:12]} Qxc6 {[%emt 0:00:11]} 36. Qc2 {[%emt 0:00:44]} f5 {[%emt 0:00:07]} 37. Bf1 {[%emt 0:00:13]} Kg7 {[%emt 0:01:14]} 38. Bb5 {[%emt 0:00:43]} Qc5 {[%emt 0:01:59]} 39. Qd1 {[%emt 0:00:07]} Qe7 {[%emt 0:03:31]} 40. Qd5 {[%emt 0:01:33]} Kh6 {[%emt 0:00:41]} 41. Kg2 {[%emt 0:31:40]} Qf6 {[%emt 0:35:33]} 42. Be8 {[%emt 0:00:00]} Bb4 {[%emt 0:07:27]} 43. Qg8 Qg7 44. Qe6 Bc3 45. Kf1 Qf6 46. Qg8 Qd6 47. Kg2 Bg7 48. Qf7 a6 49. Qc4 Qe7 50. Qc6 Qf6 51. Qc4 a5 52. Qc6 Qxc6 53. Bxc6 g5 54. hxg5+ Kxg5 55. Be8 Bf8 56. Kf1 Kg4 57. Kg2 Bd6 58. Bd7 Bc5 59. Bb5 h4 {[%emt 0:00:00]} 1/2-1/2

[Event "NOR-chT Eliteserien 2018-19"]
[Site "Norway"]
[Date "2018.11.04"]
[Round "3"]
[White "Nilsen, Joachim Birger"]
[Black "Hobber, Anders"]
[Result "0-1"]
[WhiteElo "2405"]
[BlackElo "2307"]
[Annotator "broadcasts RC"]
[PlyCount "75"]
[EventDate "2018.11.02"]
[EventType "team-tourn"]
[EventCountry "NOR"]
[TimeControl "40/5400+30:1800+30"]

1. d4 {[%emt 0:00:00]} d5 {[%emt 0:03:32]} 2. c4 {[%emt 0:00:00]} c6 {[%emt 0:00:06]} 3. Nf3 {[%emt 0:00:00]} Nf6 {[%emt 0:00:17]} 4. Nc3 {[%emt 0:00:44]} a6 {[%emt 0:00:38]} 5. c5 {[%emt 0:03:13]} Bf5 {[%emt 0:02:51]} 6. Qb3 {[%emt 0:03:56]} Qc8 {[%emt 0:00:26]} 7. Nh4 {[%emt 0:04:23]} Be6 {[%emt 0:04:52]} 8. g3 {[%emt 0:02:03]} g6 {[%emt 0:01:44]} 9. Nf3 {[%emt 0:01:57]} Bg7 {[%emt 0:01:46]} 10. Ng5 {[%emt 0:00:57]} Bf5 {[%emt 0:13:58]} 11. Bg2 {[%emt 0:04:51]} O-O {[%emt 0:14:38]} 12. h3 {[%emt 0:02:39]} h6 {[%emt 0:17:25]} 13. Nf3 {[%emt 0:06:27]} Nbd7 {[%emt 0:03:08]} 14. Qa3 {[%emt 0:07:38]} Re8 {[%emt 0:07:59]} 15. O-O {[%emt 0:17:03]} Nf8 {[%emt 0:12:15]} 16. Kh2 {[%emt 0:02:19]} N6d7 {[%emt 0:02:38]} 17. Na4 {[%emt 0:13:15]} Be4 {[%emt 0:00:47]} 18. Be3 {[%emt 0:01:03]} Ne6 {[%emt 0:02:52]} 19. Rad1 {[%emt 0:01:24]} Qc7 {[%emt 0:00:58]} 20. Nc3 {[%emt 0:04:51]} Bxf3 {[%emt 0:02:39]} 21. exf3 {[%emt 0:04:20]} Ndxc5 {[%emt 0:01:27]} 22. dxc5 {[%emt 0:06:14]} d4 {[%emt 0:00:02]} 23. Bxh6 {[%emt 0:01:20]} Bxh6 {[%emt 0:00:24]} 24. Ne4 {[%emt 0:00:12]} Rad8 {[%emt 0:01:28]} 25. f4 {[%emt 0:00:13]} Rd5 {[%emt 0:01:35]} 26. Rfe1 {[%emt 0:01:37]} Red8 {[%emt 0:01:13]} 27. h4 {[%emt 0:03:20]} Rh5 {[%emt 0:00:38]} 28. Kg1 {[%emt 0:01:19]} Rhd5 {[%emt 0:01:06]} 29. Ng5 {[%emt 0:03:00]} Bxg5 {[%emt 0:00:28]} 30. hxg5 {[%emt 0:00:58]} Nxc5 {[%emt 0:00:26]} 31. Bxd5 {[%emt 0:00:06]} Rxd5 {[%emt 0:00:03]} 32. b4 {[%emt 0:01:08]} Ne6 {[%emt 0:00:09]} 33. Qd3 {[%emt 0:00:04]} Qd6 {[%emt 0:00:23]} 34. a3 {[%emt 0:01:43]} Kg7 {[%emt 0:00:18]} 35. Rd2 {[%emt 0:01:38]} c5 {[%emt 0:00:29]} 36. Rde2 {[%emt 0:00:38]} b5 {[%emt 0:01:13]} 37. bxc5 {[%emt 0:01:12]} Rxc5 {[%emt 0:00:15]} 38. Rd2 {[%emt 0:00:00] time} 0-1